FC Bayern München Bundesligagegner seit 1965/66 - Statistiken

Allgemein
  • Dieses Quiz wurde 116 mal gespielt
  • Das Durchschnittsergebnis liegt bei 42 aus 56
Antwortstatistiken
Gegner Spiele Niederlagen % Korrekt
Borussia Dortmund 112 26
98%
Werder Bremen 116 27
95%
Hamburger SV 106 19
94%
1. FC Köln 100 23
93%
VfB Stuttgart 112 19
92%
Bayer Leverkusen 92 20
91%
1. FC Nürnberg 62 11
89%
Union Berlin 12 0
89%
FC Schalke 04 104 18
88%
Borussia Mönchengladbach 114 28
87%
Fortuna Köln 2 0
87%
VfL Wolfsburg 56 4
87%
Tasmania Berlin 2 0
86%
Tennis Borussia Berlin 4 1
86%
Eintracht Frankfurt 108 25
85%
FC St. Pauli 18 2
85%
SC Freiburg 50 4
85%
Stuttgarter Kickers 4 2
85%
1. FC Kaiserslautern 84 22
84%
VfB Leipzig 2 0
84%
1860 München 36 8
83%
1. FSV Mainz 05 38 8
83%
Holstein Kiel 2 0
83%
Blau Weiss 90 Berlin 2 0
81%
Fortuna Düsseldorf 50 10
81%
VfL Bochum 76 11
81%
FC Augsburg 28 4
80%
TSG Hoffenheim 34 5
80%
1. FC Heidenheim 4 1
78%
Arminia Bielefeld 38 5
78%
Dynamo Dresden 8 1
78%
Hannover 96 58 9
78%
Greuther Fürth 4 0
76%
Darmstadt 98 10 0
73%
Eintracht Braunschweig 38 5
73%
Rot Weiss Essen 14 2
72%
Energie Cottbus 12 2
71%
Hansa Rostock 24 6
71%
1. FC Saarbrücken 8 2
67%
Hertha BSC 76 10
67%
MSV Duisburg 52 9
67%
SC Paderborn 4 0
67%
Waldhof Mannheim 14 2
65%
Karlsruher SC 44 6
64%
Alemannia Aachen 8 1
63%
FC Ingolstadt 4 0
63%
SSV Ulm 1846 2 0
60%
Kickers Offenbach 14 2
59%
Unterhaching 4 1
55%
RB Leipzig 18 2
49%
KFC Uerdingen 28 2
44%
Wuppertaler SV 6 1
42%
FC Homburg 6 1
40%
RW Oberhausen 8 0
38%
Borussia Neunkirchen 4 0
35%
SG Wattenscheid 09 8 2
34%
Keine übereinstimmenden Quizze gefunden
Verteilung der Resultate
Anzahl Personen mit jedem Resultat
Perzentil nach korrekt beantworteten Fragen
Ihre Resultats-Entwicklung
Sie haben dieses Quiz noch nicht gespielt